000 01901nam a2200541 i 4500
001 43923
003 KOSZ 005
005 20211209144729.0
008 030520s2003 pl a |001 0 pol
015 _aUWD 2005/812
020 _a8320427800
035 _a991020762169705066
035 _a(PL-WaBN)b15626325-48omnis_nlop
035 _ab15626325
035 _a(OCoLC)749588816
035 _a(PL)b0000001562632
035 _a(EXLNZ-48OMNIS_NETWORK)9910370220805606
040 _aWA N
_cWA N
_dKOSZ 005/HR
041 1 _apol
_heng
046 _k2003
080 _a004.65
080 _a(075.8)
100 1 _aGarcia-Molina, Hector
_eAutor
245 1 0 _aImplementacja systemów baz danych /
_cHector Garcia-Molina, Jeffrey D. Ullman, Jennifer Widom ; z ang. przeł. Monika Jurkiewicz.
246 1 _iTyt. oryg.:
_aDatabase system implementation,
_f2000
260 _aWarszawa :
_bWydawnictwa Naukowo-Techniczne,
_c2003.
300 _a702 s. :
_bil. ;
_c25 cm.
336 _aTekst
_btxt
_2rdacontent
337 _aBez urządzenia pośredniczącego
_bn
_2rdamedia
338 _aWolumin
_bnc
_2rdacarrier
380 _aKsiążki
380 _aPublikacje dydaktyczne
385 _mPoziom nauczania
_aSzkoły wyższe
388 _a2001-
490 1 _aKlasyka Informatyki
504 _aBibliogr. przy rozdz. Indeks.
650 7 _aBaza danych
_2DBN
655 7 _aPodręczniki akademickie
_2DBN
658 _aInformatyka i technologie informacyjne
700 1 _aJurkiewicz, Monika
_eTłumaczenie
700 1 _aUllman, Jeffrey D.
_d(1942- )
_eAutor
700 1 _aWidom, Jennifer
710 2 _aWydawnictwa Naukowo-Techniczne
_4pbl
830 0 _aKlasyka Informatyki
856 _uhttp://koha.tu.koszalin.pl/cgi-bin/koha/opac-detail.pl?biblionumber=43923
_yKatalog online BPK
942 _2UKD
_cKS
999 _c43923
_d43923